01495cam a22004094i 4500003000900000005001700009008004100026020001500067035002700082040003300109082001900142100002900161245010300190264006300293300003800356336002100394337002500415338002300440490004100463504002800504505038700532526001000919526001000929526000900939526000900948526000900957526000900966526000900975526000900984526000900993526000801002526000801010526000801018526000801026526000801034630004301042PE-LiUPU20250731165452.0150623s r 000 0 d a0802806082 a(Sirsi) i9780802806086 aPE-LiUPUbspacPE-LiUPUerda04a221.7bITC2211 aRobinson, Gnana,eautor.10a1 and 2 Samuel :ba commentary an the books of; Let us be like the nations .n9 /cGnana Robinson. 1aMichigan :bWilliam B. Eerdmans Publishing Company,c1993. a289 páginas ;c21 centímetros atext2rdacontent aunmediated2rdamedia avolume2rdacarrier0 aInternational Theological Commentary aIncluye bibliografía.0 aThe birth and call of a propher.- The story of the ark of god.- Samuel as judge.- Israel's apostasy: The institution of the monarchi.- The rise and fall of Saul and the rise of David.- David becomes king of Judah and Israel.- Davidic Dynasty established.- David's desire to practice "Hesed".- David's sin and nathan's words to David.- David' children and the question of succession. aSEG44 aSEG26 aP151 aP150 aP149 aP146 aP145 aP126 aP125 aP92 aP75 aP74 aP27 aP15 aBiblia.pA.T.pSamuel IIxComentarios.